00329pab a2200145 454500008004000000100001600040245003900056260000900095300001200104362000800116650001400124650001800138700001600156773001100172180718b1999 xxu||||| |||| 00| 0 eng d aTarat, R.K. aNutritional aspects of edible oils c1999 ap.43-45 aFeb aNutrition aVegetable oil aSarma, B.K. aYojana